हर्षल-नेपच्यून-प्लूटो (Record no. 414978)

MARC details
000 -LEADER
fixed length control field 00494nam a2200145Ia 4500
008 - FIXED-LENGTH DATA ELEMENTS--GENERAL INFORMATION
fixed length control field 100122s9999 xx 000 0 und d
082 ## - DEWEY DECIMAL CLASSIFICATION NUMBER
Item number 29893
Classification number 133.05
100 ## - MAIN ENTRY--PERSONAL NAME
Personal name भट म दा
245 ## - TITLE STATEMENT
Title हर्षल-नेपच्यून-प्लूटो
260 ## - PUBLICATION, DISTRIBUTION, ETC. (IMPRINT)
Name of publisher, distributor, etc जोशी ब्रदर्स
300 ## - PHYSICAL DESCRIPTION
Extent 259
630 ## - SUBJECT ADDED ENTRY--UNIFORM TITLE
Uniform title हर्षल-नेपच्यून-प्लूटो
730 ## - ADDED ENTRY--UNIFORM TITLE
Uniform title हर्षल-नेपच्यून-प्लूटो
942 ## - ADDED ENTRY ELEMENTS (KOHA)
Koha item type Book
Holdings
Withdrawn status Lost status Damaged status Not for loan Home library Current library Date acquired Cost, normal purchase price Total Checkouts Full call number Barcode Date last seen Cost, replacement price Price effective from Koha item type Public note
        S.V. Pathak Library, Vile Parle S.V. Pathak Library, Vile Parle 09/05/1980 10.00   29893 SVPPARLE-29893 01/25/2010 10.00 01/25/2010 Book NA